Places In England - Picture Quiz - Statistics

General Stats
  • This quiz has been taken 103 times
  • The average score is 9 of 15
Answer Stats
Picture Hint Answer % Correct
It has distinctive birds on top. Liverpool
89%
Selfridges at the Bull Ring Birmingham
84%
The Shambles York
80%
The Clifton Suspension Bridge Bristol
79%
The Royal Pavillion Brighton
75%
The Millennium Bridge Gateshead / Newcastle
67%
The Town Hall Manchester
64%
The Rows Chester
63%
Radcliffe Camera Oxford
60%
The Hoe Plymouth
57%
Not just any cathedral. Canterbury
53%
Park Hill Flats Sheffield
44%
The Concrete Cows Milton Keynes
42%
Its church has a famously wonky spire. Chesterfield
36%
'The Deep' aquarium Hull
36%
No matching quizzes found
Score Distribution
Percent of People with Each Score
Percentile by Number Answered
Your Score History
You have not taken this quiz